Analýza demografickej situácie vybraného regiónu SR bakalárska práca

Uložené v:
Podrobná bibliografia
Hlavný autor: Ušiaková, Ivana
Korporativný autor: Fakulta hospodárskej informatiky EU. Katedra štatistiky
Ďalší autori: Coss, Soňa
Médium: Kniha
Jazyk:Slovak
Vydavateľské údaje: Bratislava 2010
Tagy: Pridať tag
Žiadne tagy, Buďte prvý, kto otaguje tento záznam!

MARC

LEADER 00000nbm a2200000 4500
001 0138869
005 20161109111604.4
041 0 |a slo 
044 |a SK 
245 1 0 |a Analýza demografickej situácie vybraného regiónu SR  |b bakalárska práca  |c Ivana Ušiaková ; školiteľ: Soňa Coss 
264 1 |a Bratislava  |c 2010 
300 |a 67 s. 
100 1 |a Ušiaková, Ivana 
700 1 |a Coss, Soňa 
710 2 |a Fakulta hospodárskej informatiky EU. Katedra štatistiky